Famous Canadians #2 - Statistics

General Stats
  • This quiz has been taken 155 times
  • The average score is 6 of 17
Answer Stats
Hint Answer % Correct
A hockey player now better know for founding a coffee and donut chain Tim Horton
87%
Marathon of Hope Terry Fox
71%
Canadian Prime Minister, won the Nobel Peace Prize Lester B. Pearson
53%
Writer, The Handmaid's Tale, The Robber Bride Margaret Atwood
53%
Invented the snowmobile, name is now a brand. J. Armand Bombardier
51%
Astronaut, sang Space Oddity in space Chris Hadfield
43%
Won the Nobel Prize for discovering insulin Frederick Banting
42%
Sprinter, held the world record, won gold in Atlanta Donavan Bailey
40%
Invented basketball James Naismith
38%
Formula F1 Racer, Father and/or Son Gilles and Jacques Villeneuve
37%
Man in Motion tour, took his wheelchair around the world Rick Hansen
36%
Anne of Green Gables Lucy Maud Montgomery
33%
"The best there is, the best there was, the best there ever will be" pro wrestler Bret Hart
19%
Wrote "In Flanders Fields" John McCrae
18%
Baseball Hall of Famer, Cy Young winner, pitched from 1965 to 1983 Ferguson Jenkins
14%
born and raised in Canada; US economist, diplomat, and professor worked for FDR, Truman, JFK and Johnson John Kenneth Galbraith
9%
Co-created Superman Joe Shuster
5%
No matching quizzes found
Score Distribution
Percent of People with Each Score
Percentile by Number Answered
Your Score History
You have not taken this quiz